MARC details
| 000 -LEADER |
| fixed length control field |
01061cam a2200325 i 4500 |
| 001 - CONTROL NUMBER |
| control field |
200440053 |
| 003 - CONTROL NUMBER IDENTIFIER |
| control field |
TR-AnTOB |
| 005 - DATE AND TIME OF LATEST TRANSACTION |
| control field |
20210419153027.0 |
| 007 - PHYSICAL DESCRIPTION FIXED FIELD--GENERAL INFORMATION |
| fixed length control field |
ta |
| 008 - FIXED-LENGTH DATA ELEMENTS--GENERAL INFORMATION |
| fixed length control field |
210303s2020 tu a $r01 $$$$ tturu |
| 020 ## - INTERNATIONAL STANDARD BOOK NUMBER |
| International Standard Book Number |
9789751802989 |
| 040 ## - CATALOGING SOURCE |
| Original cataloging agency |
TR-AnTOB |
| Language of cataloging |
eng |
| Description conventions |
rda |
| Transcribing agency |
TR-AnTOB |
| 041 0# - LANGUAGE CODE |
| Language code of text/sound track or separate title |
Türkçe |
| 044 ## - COUNTRY OF PUBLISHING/PRODUCING ENTITY CODE |
| ISO country code |
tu |
| 050 14 - LIBRARY OF CONGRESS CALL NUMBER |
| Classification number |
QK376 |
| Item number |
.A434 2020 |
| 090 ## - LOCALLY ASSIGNED LC-TYPE CALL NUMBER (OCLC); LOCAL CALL NUMBER (RLIN) |
| Classification number (OCLC) (R) ; Classification number, CALL (RLIN) (NR) |
QK376 |
| Local cutter number (OCLC) ; Book number/undivided call number, CALL (RLIN) |
.A434 2020 |
| 245 00 - TITLE STATEMENT |
| Title |
Akdeniz egzotik ürünler : |
| Remainder of title |
konferans bildirileri / |
| Statement of responsibility, etc. |
yayına hazırlayan Ertekin Akpınar ; editörler Prof. Dr. Alp Yücel Kaya, Ertekin Akpınar. |
| 250 ## - EDITION STATEMENT |
| Edition statement |
Birinci baskı: Aralık, 2020 |
| 264 #1 - PRODUCTION, PUBLICATION, DISTRIBUTION, MANUFACTURE, AND COPYRIGHT NOTICE |
| Place of production, publication, distribution, manufacture |
İzmir : |
| Name of producer, publisher, distributor, manufacturer |
İzmir Akdeniz Akademisi, |
| Date of production, publication, distribution, manufacture, or copyright notice |
2020. |
| 300 ## - PHYSICAL DESCRIPTION |
| Extent |
128 pages : |
| Other physical details |
tables, colour illustrations ; |
| Dimensions |
24 cm |
| 336 ## - CONTENT TYPE |
| Source |
rdacontent |
| Content type term |
text |
| Content type code |
txt |
| 337 ## - MEDIA TYPE |
| Source |
rdamedia |
| Media type term |
unmediated |
| Media type code |
n |
| 338 ## - CARRIER TYPE |
| Source |
rdacarrier |
| Carrier type term |
volume |
| Carrier type code |
nc |
| 653 ## - INDEX TERM--UNCONTROLLED |
| Uncontrolled term |
Egzotik bitkiler |
|
| Uncontrolled term |
Tohum bitkileri |
| 700 1# - ADDED ENTRY--PERSONAL NAME |
| Personal name |
Akpınar, Ertekin, |
| Dates associated with a name |
1968- |
| Relator term |
editor |
| 9 (RLIN) |
87893 |
|
| Personal name |
Kaya, Alp Yücel |
| Relator term |
editor |
| 9 (RLIN) |
118373 |
| 942 ## - ADDED ENTRY ELEMENTS (KOHA) |
| Source of classification or shelving scheme |
Library of Congress Classification |
| Koha item type |
Book |